{"text_format":"2","workbook":"xlsx","n_sheets":5,"sheets":["CISTERNAS ALAGOAS","B.D.I SERVIÇOS (SEM DES.)","B.D.I MATERIAIS (SEM DES.)","COMPOSIÇÕES","Cronograma Físico-Financeiro"],"not_rendered":{"charts":0,"images":2,"macros":0,"external_links":2,"defined_names":4591,"comments":0,"pivot_tables":0},"unopened":[],"bounds":{"document_bytes":16777216,"sheet_cells":100000,"run_cost":"one","rows_first":2000,"rows_last":500,"rows_between":2000,"halvings":0,"cell_chars":16384,"cell_head_chars":4096},"cells_cut":0,"cells_raw":0,"read":"whole","date_system":"1900"}

{"sheet":"CISTERNAS ALAGOAS","index":0,"n_rows":69,"n_cols":10,"rows_kept":69,"cut":false,"hidden":false,"merged":[[68,6,68,7],[0,1,0,9],[1,1,1,9],[2,1,2,9],[3,6,3,9],[4,6,4,7],[64,6,64,7],[65,6,65,7],[66,6,66,7],[3,1,3,5],[4,1,4,5],[5,1,5,5],[6,1,6,5],[7,1,7,5],[63,6,63,7],[4,8,4,9],[5,8,5,9],[6,8,6,9],[7,8,7,9],[67,6,67,7],[62,6,62,7],[5,6,5,7],[6,6,6,7],[7,6,7,7]]}
[null,"MINISTÉRIO DO DESENVOLVIMENTO REGIONAL - MDR"]
[null,"COMPANHIA DE DESENVOLVIMENTO DOS VALES DO SÃO FRANCISCO E DO PARNAÍBA"]
[null,"ÁREA DE REVITALIZAÇÃO DAS BACIAS HIDROGRÁFICAS"]
[{"$nulls":6},"BASES DE REFERÊNCIA.: SINAPI / ORSE / DNIT"]
[{"$nulls":6},"BASE",null,"SETEMBRO / 2020"]
["OBJETO:","TRANSPORTE E INSTALAÇÃO DE CISTERNAS PARA CAPTAÇÃO DA ÁGUA DA CHUVA - ALAGOAS",{"$nulls":4},"BDI SERVIÇOS",null,{"$f":"'B.D.I SERVIÇOS (SEM DES.)'!F32/100","v":0.2545}]
[{"$nulls":6},"BDI MATERIAIS",null,{"$f":"'B.D.I MATERIAIS (SEM DES.)'!F32/100","v":0.10890000000000001}]
[null,"PLANILHA ORÇAMENTÁRIA",{"$nulls":4},"QTD DE CISTERNAS",null,{"$f":"J65","v":1562}]
[]
["ITEM","ESPECIFICAÇÃO DOS SERVIÇOS","CÓDIGO / BASE","UND","QUANTIDADE ESTIMADA / CISTERNA","QUANTIDADE TOTAL","VALOR\nUNIT.\nS/BDI (R$)","VALOR\nUNIT.\nC/BDI (R$)","VALOR\nTOTAL (R$)","VALOR (R$)\n/ CISTERNA "]
[]
["01","SERVIÇOS                                                                                                                                                                                                ",null,null," ",null," ",null,{"$f":"SUBTOTAL(9,I13:I39)","v":2500929.0599999996},{"$f":"I12/$I$8","v":1601.1069526248398}]
[null,"                                                                                                                                                                                                        ",null,null," ",null," ",null," "]
["01.01","SERVIÇOS PRELIMINAES E CANTEIRO DE OBRAS                                                                                                                                                                ",null,null," ",null," ",null,{"$f":"SUBTOTAL(9,I15:I20)","v":542294.1399999999},{"$f":"I14/$I$8","v":347.17934699103705}]
["01.01.01","MOBILIZAÇÃO E DESMOBILIZAÇÃO DE PESSOAL E EQUIPAMENTOS                                                                                                                                                  ","CPU0001","UN",null,1,7387.07,{"$f":"ROUND(G15+G15*$I$6,2)","v":9267.08},{"$f":"ROUND(ROUND(F15,2)*ROUND(H15,2),2)","v":9267.08}]
["01.01.02","INSTALAÇÃO DE CANTEIRO DE OBRAS (LOCAÇÃO DE IMÓVEL)                                                                                                                                                     ","CPU0002","UN",null,1,26550.3,{"$f":"ROUND(G16+G16*$I$6,2)","v":33307.35},{"$f":"ROUND(ROUND(F16,2)*ROUND(H16,2),2)","v":33307.35}]
["01.01.03","ADMINISTRAÇÃO LOCAL E MANUTENÇÃO DO CANTEIRO DE OBRAS                                                                                                                                                   ","CPU0003","UN",null,1,328324.56999999995,411883.17,411883.17]
["01.01.04","VEÍCULO PICK-UP CABINE DUPLA 4X4 (163 CV), COM AR-CONDICIONADO PARA APOIO À FISCALIZAÇÃO, INCLUINDO DESPESAS COM COMBUSTÍVEL, ÓLEOS, MANUTENÇÃO, LICENCIAMENTO, SEGUROS, IMPOSTOS, ETC.                 ","CPU0004","MÊS",null,7,6474.26,8121.96,56853.72]
["01.01.05","PLACA DE OBRA EM CHAPA DE ACO GALVANIZADO (01 PLACA DE 3,60 X 1,80M POR MUNICÍPIO)                                                                                                                                  ","CPU0005","M2",null,64.800000000000011,381.13000000000005,478.13,30982.82]
[null,"                                                                                                                                                                                                        ","              ",null," ",null,null,null," "]
["01.02","INSTALAÇÃO DAS CISTERNAS                                                                                                                                                                    ","              ",null," ",null,null,null,{"$f":"SUBTOTAL(9,I22:I28)","v":883741.17999999993},{"$f":"I21/$I$8","v":565.77540332906528}]
["01.02.01","ESCAVAÇÃO MANUAL - ABERTURA DA CISTERNA - H=80CM                                                                                                                                                        ","CPU0006","M3",7.7,12027.4,42.9,{"$f":"ROUND(G22+G22*$I$6,2)","v":53.82},{"$f":"ROUND(ROUND(F22,2)*ROUND(H22,2),2)","v":647314.67000000004}]
["01.02.02","REGULARIZAÇÃO COM SOLO-CIMENTO TRAÇO 1:20, ESP=10CM                                                                                                                                                     ","CPU0007","M3",0.96,1499.52,74.149999999999991,93.02,139485.35]
["01.02.03","REATERRO COMPACTADO LATERAL, CONFORME ESPECIFICADO EM PROJETO.                                     ","CPU0008","M3",1.1000000000000001,1718.2,21.45,26.91,46236.76]
["01.02.04","ESCAVACAO E CARGA MATERIAL DE JAZIDA 1A CATEGORIA (MATERIAL DE EMPRÉSTIMO)                                                                                                                                                       ","CPU0009","M3",1.62,2530.44,2.52,3.16,7996.19]
["01.02.05","TRANSPORTE LOCAL MATERIAL DE JAZIDA DMT= 10KM - ROD. NÃO PAVIMENTADA (MATERIAL DE EMPRÉSTIMO)                                                                                                                                    ","CPU0010","M3XKM",16.2,25304.400000000001,1.2100000000000002,1.52,38462.69]
["01.02.06","ESPALHAMENTO DO MATERIAL ESCAVADO NÃO UTILIZADO PARA  ATERRO                                                                                                                                            ","CPU0011","M3",4.53,7075.86,0.48,0.6,4245.5200000000004]
[null,"                                                                                                                                                                                                        ","              ",null," ",null,null,null," "]
["01.03","SERVIÇOS COMPLEMENTARES                                                                                                                                                                                 ","              ",null," ",null,null,null,{"$f":"SUBTOTAL(9,I30:I34)","v":1013175.6799999999},{"$f":"I29/$I$8","v":648.64}]
["01.03.01","ASSENTAMENTO DE TUBOS E CONEXÕES (INCLUSIVE FILTRO SEPARADOR DE FOLHAS E ABRAÇADEIRAS)                                                                                                                                                                        ","CPU0012","M",15,23430,3.87,{"$f":"ROUND(G30+G30*$I$6,2)","v":4.8499999999999996},{"$f":"ROUND(ROUND(F30,2)*ROUND(H30,2),2)","v":113635.5}]
["01.03.02","CALHA EM CHAPA DE AÇO GALVANIZADO NÚMERO 26. DESENVOLVIMENTO DE 30 CM. INCLUSO TRANSPORTE VERTICAL. (SINAPI 94227 ADAPTADA)                                                                             ","CPU0013","M",16,24992,25.96,32.57,813989.44]
["01.03.03","INSTALAÇÃO DA BOMBA MANUAL (INCLUSIVE CONJUNTO DE SUCÇÃO FLUTUANTE COM MANGUEIRA FLEXIVEL)                                                                                                                                                                             ","CPU0014","UN",1,1562,18.810000000000002,23.6,36863.199999999997]
["01.03.04","BLOCO DE ANCORAGEM 25 X 30 X 25CM","CPU0015","UN",1,1562,24.85,31.17,48687.54]
[null,"                                                                                                                                                                                                        ","              ",null," ",null,null,null," "]
["01.04","TRANSPORTE DAS CISTERNAS                                                                                                                                                                                ","              ",null," ",null,null,null,{"$f":"SUBTOTAL(9,I36:I39)","v":61718.06},{"$f":"I35/$I$8","v":39.512202304737514}]
["01.04.01","TRANSP COMERC DO LOCAL DE ARMAZENAMENTO AO MUNICÍPIO DE INSTALAÇÃO EM RODOVIA PAVIMENTADA","CPU0016","UNXKM",18.82,29396.84,1.1800000000000002,{"$f":"ROUND(G36+G36*$I$6,2)","v":1.48},{"$f":"ROUND(ROUND(F36,2)*ROUND(H36,2),2)","v":43507.32}]
["01.04.02","TRANSP COMERC COM CAMINHAO CARROCERIA 9 T, RODOVIA PAVIMENTADA , NO MUNICÍPIO DE INSTALAÇÃO","CPU0017","UNXKM",0.69,1077.78,2.44,3.06,3298.01]
["01.04.03","TRANSP COMERC COM CAMINHAO CARROCERIA 9 T, RODOVIA EM LEITO NATURAL   , NO MUNICÍPIO DE INSTALAÇÃO","CPU0018","UNXKM",2.08,3248.96,3.6599999999999997,4.59,14912.73]
[null,"                                                                                                                                                                                                        ",null,null," ",null," ",null," "]
["02","FORNECIMENTO DE MATERIAIS",null,null," ",null," ",null,{"$f":"SUBTOTAL(9,I41:I59)","v":12490821.189999999},{"$f":"I40/$I$8","v":7996.6845006402045}]
[]
["02.01","MATERIAIS PARA INSTALAÇÃO DAS CISTERNAS",{"$nulls":6},{"$f":"SUBTOTAL(9,I43:I44)","v":11639727.220000001},{"$f":"I42/$I$8","v":7451.81}]
["02.01.01","CISTERNA DE POLIETILENO 16.000L, COM EXTRAVASOR ACOPLADO                                                                                                                                                            ","COTAÇÃO","UN",1,1562,6720,{"$f":"ROUND(G43+G43*$I$7,2)","v":7451.81},{"$f":"ROUND(ROUND(F43,2)*ROUND(H43,2),2)","v":11639727.220000001}]
[]
["02.02","MATERIAIS PARA INSTALAÇÃO DAS CISTERNAS (SERVIÇOS COMPLEMENTARES)",{"$nulls":6},{"$f":"SUBTOTAL(9,I46:I59)","v":851093.97},{"$f":"I45/$I$8","v":544.87450064020481}]
["02.02.01","PLACA DE ALUMINIO ANODIZADO PARA NUMERAÇÃO DAS CISTERNAS","COTAÇÃO","UN",1,1562,2.25,{"$f":"ROUND(G46+G46*$I$7,2)","v":2.5},{"$f":"ROUND(ROUND(F46,2)*ROUND(H46,2),2)","v":3905}]
["02.02.02","BOMBA DÁGUA DE MEMBRANA ANGULAR MANUAL, PRODUZIDA EM PLÁSTICO DE ENGENHARIA ATÓXICO, RESISTENTE A EXPOSIÇÃO PROLONGADA AO SOL.","COTAÇÃO","UN",1,1562,132.46,146.88,229426.56]
["02.02.03","CONJUNTO DE SUCÇÃO FLUTUANTE COM MANGUEIRA FLEXIVEL: BOIA 15CM COM ARGOLAS DE FIXAÇÃO, BRAÇADEIRA, CONECTOR ANGULAR PARA TUBOS, 2,5M MANGUEIRA 1\" PVC COM REFORÇO SILICONE ESPIRALADA","COTAÇÃO","UN",1,1562,46.41,51.46,80380.52]
["02.02.04","FILTRO SEPARADOR DE FOLHAS E DETRITOS","COTAÇÃO","UN",0.95,1483.9,68.239999999999995,75.67,112286.71]
["02.02.05","GRELHA HEMISFÉRICA PVC FLEXÍVEL 88MM X 100 MM","COTAÇÃO","UN",0.1,156.19999999999999,24.15,26.78,4183.04]
["02.02.06","ABRAÇADEIRA TIPO U AÇO PERFILADO ZINCADO 4\"","COTAÇÃO","UN",5,7810,2.5,2.77,21633.7]
["02.02.07","ARRUELA 3/16 ZINCADA","COTAÇÃO","UN",10,15620,7.0000000000000007E-2,0.08,1249.5999999999999]
["02.02.08","TUBO DE PVC PARA ESGOTO PREDIAL DN 100MM ","SINAPI INS - 9836","M",15,23430,"9,26",10.27,240626.1]
["02.02.09","TÊ SANITÁRIO PVC PARA ESGOTO PREDIAL DN 100MM","SINAPI INS - 7091","UN",2,3124,"10,11",11.21,35020.04]
["02.02.10","JOELHO PVC SOLD. 90G PB P/ESGOTO PREDIAL DN 100MM","SINAPI INS - 3520","UN",7,10934,"5,26",5.83,63745.22]
["02.02.11","LUVA SIMPLES PVC P/ESG. PREDIAL DN 100MM","SINAPI INS - 3899","UN",6,9372,"4,01",4.45,41705.4]
["02.02.12","CAP PVC, SOLDAVEL, DN 100 MM, SERIE NORMAL, PARA ESGOTO PREDIAL","SINAPI INS - 1200","UN",1,1562,"5,72",6.34,9903.08]
["02.02.13","BUCHA DE NYLON SEM ABA S8, COM PARAFUSO DE 4,80 X 50 MM EM ACO ZINCADO COM ROSCA SOBERBA, CABECA CHATA E FENDA PHILLIPS","SINAPI INS - 7583","UN",10,15620,"0,41",0.45,7029]
[]
[null,"VALOR TOTAL DA PLANILHA",{"$nulls":6},{"$f":"SUBTOTAL(9,I12:I59)","v":14991750.25},{"$f":"I60/$I$8","v":9597.7914532650448}]
[]
[]
[null,"APAGAR ANTES DE ENVIAR PARA A LICITAÇÃO",{"$nulls":4},"Valor total disponibilizado",null,15000000]
[]
[{"$nulls":6},"Valor p/ cisternas",null,{"$f":"I60","v":14991750.25},1562]
[{"$nulls":6},"Valor p/ apoio (10%)",null,{"$f":"I63-I65","v":8249.75},{"$f":"I66/I63","v":5.4998333333333336E-4}]
[{"$nulls":8},{"$f":"I66/I8","v":5.2815300896286814}]
[]
[{"$nulls":6},"Valor cisterna + apoio",null,{"$f":"J60+I67","v":9603.0729833546739}]

{"sheet":"B.D.I SERVIÇOS (SEM DES.)","index":1,"n_rows":36,"n_cols":6,"rows_kept":36,"cut":false,"hidden":false,"merged":[[31,2,31,4],[35,2,36,7],[3,0,3,7],[4,0,4,7],[5,0,5,7],[7,0,7,6],[8,0,8,6]]}
[]
[]
[]
["Ministério do Desenvolvimento Regional"]
["Companhia de Desenvolvimento do Vale do São Francisco e Parnaíba"]
["Codevasf/Sede"]
[]
["DETALHAMENTO DO BDI - SERVIÇOS"]
[]
[]
[]
[]
[null,null,"Item","Descrição dos serviços","Preço de Venda (%)","Custo Direto (%)"]
[]
[null,null,1,"Administração Central (A)",null,0.04]
[]
[null,null,2,"Impostos e Taxas (I)",null,{"$f":"E18+E19+E20+E21","v":8.6499999999999994E-2}]
[null,null,"2.1","ISS",0.05]
[null,null,"2.2","PIS",6.5000000000000006E-3]
[null,null,"2.3","Cofins",0.03]
[null,null,"2.4","CPRB (INSS)",0]
[]
[null,null,"3","Risco, seguro e garantia (R) ",null,{"$f":"E24+E25+E26","v":1.6E-2}]
[null,null,"3.1","Risco",1.2E-2]
[null,null,"3.2","Seguro + garantia",4.0000000000000001E-3]
[]
[]
[null,null,4,"Despesas Financeiras (DF)",null,9.4999999999999998E-3]
[]
[null,null,5,"Lucro (L)",null,7.4999999999999997E-2]
[]
[null,null,"BDI* (%):",null,null,{"$f":"ROUND(((((1+(F15+F23))*(1+F28)*(1+F30)/(1-F17))-1)*100),2)","v":25.45}]
[]
[null,"Considerações:","Acórdão nº 2622/2013 - TCU /Plenário"]
[null,null,"(*) BDI (%) = (((1+(AC+S+R+G))*(1+DF)*(1+L)/(1-I))-1)*100"]
[null,null,"* Considerando a Lei nº 12.844/2013 e Acórdão 2293/2013-TCU -Plenário  (Desoneração da Folha de Pagamento)"]

{"sheet":"B.D.I MATERIAIS (SEM DES.)","index":2,"n_rows":36,"n_cols":6,"rows_kept":36,"cut":false,"hidden":false,"merged":[[31,2,31,4],[35,2,36,7],[3,0,3,7],[4,0,4,7],[5,0,5,7],[7,0,7,6],[8,0,8,6]]}
[]
[]
[]
["Ministério do Desenvolvimento Regional"]
["Companhia de Desenvolvimento do Vale do São Francisco e Parnaíba"]
["Codevasf/Sede"]
[]
["DETALHAMENTO DO BDI - FORNECIMENTO DE MATERIAIS"]
[]
[]
[]
[]
[null,null,"Item","Descrição dos serviços","Preço de Venda (%)","Custo Direto (%)"]
[]
[null,null,1,"Administração Central (A)",null,1.4999999999999999E-2]
[]
[null,null,2,"Impostos e Taxas (I)",null,{"$f":"E18+E19+E20+E21","v":3.6499999999999998E-2}]
[null,null,"2.1","ISS",0]
[null,null,"2.2","PIS",6.5000000000000006E-3]
[null,null,"2.3","Cofins",0.03]
[null,null,"2.4","CPRB (INSS)",0]
[]
[null,null,"3","Risco, seguro e garantia (R) ",null,{"$f":"E24+E25+E26","v":8.6E-3}]
[null,null,"3.1","Risco",5.5999999999999999E-3]
[null,null,"3.2","Seguro + garantia",3.0000000000000001E-3]
[]
[]
[null,null,4,"Despesas Financeiras (DF)",null,8.5000000000000006E-3]
[]
[null,null,5,"Lucro (L)",null,3.5000000000000003E-2]
[]
[null,null,"BDI* (%):",null,null,{"$f":"ROUND(((((1+(F15+F23))*(1+F28)*(1+F30)/(1-F17))-1)*100),2)","v":10.89}]
[]
[null,"Considerações:","Acórdão nº 2622/2013 - TCU /Plenário"]
[null,null,"(*) BDI (%) = (((1+(AC+S+R+G))*(1+DF)*(1+L)/(1-I))-1)*100"]
[null,null,"* Considerando a Lei nº 12.844/2013 e Acórdão 2293/2013-TCU -Plenário  (Desoneração da Folha de Pagamento)"]

{"sheet":"COMPOSIÇÕES","index":3,"n_rows":119,"n_cols":8,"rows_kept":119,"cut":false,"hidden":false,"merged":[[0,1,0,7],[1,1,1,7],[2,1,2,7]]}
[null,"MINISTÉRIO DO DESENVOLVIMENTO REGIONAL - MDR"]
[null,"COMPANHIA DE DESENVOLVIMENTO DOS VALES DO SÃO FRANCISCO E DO PARNAÍBA"]
[null,"ÁREA DE REVITALIZAÇÃO DAS BACIAS HIDROGRÁFICAS"]
[]
["OBJETO:","TRANSPORTE E INSTALAÇÃO DE CISTERNAS PARA CAPTAÇÃO DA ÁGUA DA CHUVA - ALAGOAS"]
[]
["COMPOSICÕES DE CUSTOS UNITÁRIOS DE SERVICOS"]
[]
["ITEM","Fonte","Código","DESCRIÇÃO","Unidade","Quantidade","Preço unitário","Preço total"]
[]
["01.01.01",null,"CPU0001","MOBILIZAÇÃO E DESMOBILIZAÇÃO DE PESSOAL E EQUIPAMENTOS","UN    "]
[null,"Sinapi Serv",73467,"CAMINHÃO TOCO. PBT 14.300 KG. CARGA ÚTIL MÁX. 9.710 KG. DIST. ENTRE EIXOS 3.56 M. POTÊNCIA 185 CV. INCLUSIVE CARROCERIA FIXA ABERTA DE MADEIRA P/ TRANSPORTE GERAL DE CARGA SECA. DIMEN. APROX. 2.50 X 6","CHP   ",68.845063999999994,"93,00",{"$f":"ROUND(F12*G12,2)","v":6402.59}]
[null,"Sinapi Serv",88316,"SERVENTE COM ENCARGOS COMPLEMENTARES                                                                                                                                                                    ","H     ",68.845063999999994,"14,30",{"$f":"ROUND(F13*G13,2)","v":984.48}]
[null,null,"01.01.01","Custo Direto Total",null,null,null,{"$f":"SUBTOTAL(9,H12:H13)","v":7387.07}]
[]
["01.01.02",null,"CPU0002","INSTALAÇÃO DE CANTEIRO DE OBRAS (LOCAÇÃO DE IMÓVEL)","MÊS   "]
[null,"DNIT","Tab. Cons.","ALOJAMENTO/ESCRITÓRIO/ALMOXARIFADO                                                                                                                                                 ","MÊS   ",14,1896.45,{"$f":"ROUND(F17*G17,2)","v":26550.3}]
[null,null,"01.01.02","Custo Direto Total",null,null,null,{"$f":"SUBTOTAL(9,H17:H17)","v":26550.3}]
[]
["01.01.03",null,"CPU0003","ADMINISTRAÇÃO LOCAL E MANUTENÇÃO DO CANTEIRO DE OBRAS","MÊS   "]
[null,"Codevasf","B3","VEÍCULO LEVE 1.3 - TABELA CODEVASF 7SR CÓD B3                                                                                                                                                           ","MÊS   ",14,3251.84,{"$f":"ROUND(F21*G21,2)","v":45525.760000000002}]
[null,"Codevasf","B11","PICK-UP CD 4X4 DIESEL - TABELA CODEVASF 7SR CÓD B11                                                                                                                                                     ","MÊS   ",14,6474.26,90639.64]
[null,"Sinapi Serv",100319,"ENGENHEIRO CIVIL JUNIOR COM ENCARGOS COMPLEMENTARES                                                                                                                                                     ","MES   ",7,"15.786,85",{"$f":"ROUND(F23*G23,2)","v":110507.95}]
[null,"Sinapi Serv",100321,"TÉCNICO EM SEGURANÇA DO TRABALHO COM ENCARGOS COMPLEMENTARES                                                                                                                                            ","MES   ",7,"3.672,50",25707.5]
[null,"Sinapi Serv",93572,"ENCARREGADO GERAL DE OBRAS COM ENCARGOS COMPLEMENTARES                                                                                                                                                  ","MES   ",14,"3.995,98",55943.72]
[null,null,"01.01.03","Custo Direto Total",null,null,null,{"$f":"SUBTOTAL(9,H21:H25)","v":328324.56999999995}]
[]
["01.01.04",null,"CPU0004","VEÍCULO PICK-UP CABINE DUPLA 4X4 (163 CV), COM AR-CONDICIONADO PARA APOIO À FISCALIZAÇÃO, INCLUINDO DESPESAS COM COMBUSTÍVEL, ÓLEOS, MANUTENÇÃO, LICENCIAMENTO, SEGUROS, IMPOSTOS, ETC.","MÊS   "]
[null,"Codevasf","B11","PICK-UP CD 4X4 DIESEL - TABELA CODEVASF 7SR CÓD B11                                                                                                                                                     ","MÊS   ",1,6474.26,{"$f":"ROUND(F29*G29,2)","v":6474.26}]
[null,null,"01.01.04","Custo Direto Total",null,null,null,{"$f":"SUBTOTAL(9,H29)","v":6474.26}]
[]
["01.01.05",null,"CPU0005","PLACA DE OBRA EM CHAPA DE ACO GALVANIZADO (15 PLACAS DE 12M2)","M2    "]
[null,"Sinapi Ins",4417,"SARRAFO DE MADEIRA NAO APARELHADA *2.5 X 7* CM. MACARANDUBA. ANGELIM OU EQUIVALENTE DA REGIAO                                                                                                           ","M     ",1,"4,73",{"$f":"ROUND(F33*G33,2)","v":4.7300000000000004}]
[null,"Sinapi Ins",4491,"PONTALETE DE MADEIRA NAO APARELHADA *7.5 X 7.5* CM (3 X 3 \") PINUS. MISTA OU EQUIVALENTE DA REGIAO                                                                                                      ","M     ",4,"6,39",25.56]
[null,"Sinapi Ins",4813,"PLACA DE OBRA (PARA CONSTRUCAO CIVIL) EM CHAPA GALVANIZADA *N. 22*. ADESIVADA. DE *2.0 X 1.125* M                                                                                                       ","M2    ",1,"300,00",300]
[null,"Sinapi Ins",5075,"PREGO DE ACO POLIDO COM CABECA 18 X 30 (2 3/4 X 10)                                                                                                                                                     ","KG    ",0.11,"12,29",1.35]
[null,"Sinapi Serv",88262,"CARPINTEIRO DE FORMAS COM ENCARGOS COMPLEMENTARES                                                                                                                                                       ","H     ",1,"18,18",{"$f":"ROUND(F37*G37,2)","v":18.18}]
[null,"Sinapi Serv",88316,"SERVENTE COM ENCARGOS COMPLEMENTARES                                                                                                                                                                    ","H     ",2,"14,30",28.6]
[null,"Sinapi Serv",94962,"CONCRETO MAGRO PARA LASTRO. TRAÇO 1:4.5:4.5 (CIMENTO/ AREIA MÉDIA/ BRITA 1)  - PREPARO MECÂNICO COM BETONEIRA 400 L. AF_07/2016                                                                         ","M3    ",0.01,"270,74",2.71]
[null,null,"01.01.05","Custo Direto Total",null,null,null,{"$f":"SUBTOTAL(9,H33:H39)","v":381.13000000000005}]
[]
["01.02.01",null,"CPU0006","ESCAVAÇÃO MANUAL - ABERTURA DA CISTERNA - H=80CM","M3    "]
[null,"Sinapi Serv",88316,"SERVENTE COM ENCARGOS COMPLEMENTARES                                                                                                                                                                    ","H     ",3,"14,30",{"$f":"ROUND(F43*G43,2)","v":42.9}]
[null,null,"01.02.01","Custo Direto Total",null,null,null,{"$f":"SUBTOTAL(9,H43)","v":42.9}]
[]
["01.02.02",null,"CPU0007","REGULARIZAÇÃO COM SOLO-CIMENTO TRAÇO 1:20, ESP=10CM","M3    "]
[null,"Sinapi Ins",1379,"CIMENTO PORTLAND COMPOSTO CP II-32                                                                                                                                                                      ","KG    ",130,"0,56",{"$f":"ROUND(F47*G47,2)","v":72.8}]
[null,"Sinapi Serv",88316,"SERVENTE COM ENCARGOS COMPLEMENTARES                                                                                                                                                                    ","H     ",9.4117000000000006E-2,"14,30",{"$f":"ROUND(F48*G48,2)","v":1.35}]
[null,null,"01.02.02","Custo Direto Total",null,null,null,{"$f":"SUBTOTAL(9,H47:H48)","v":74.149999999999991}]
[]
["01.02.03",null,"CPU0008","REATERRO COMPACTADO LATERAL, CONFORME ESPECIFICADO EM PROJETO, COM APROVEITAMENTO DO MATERIAL ESCAVADO","M3    "]
[null,"Sinapi Serv",88316,"SERVENTE COM ENCARGOS COMPLEMENTARES                                                                                                                                                                    ","H     ",1.5,"14,30",{"$f":"ROUND(F52*G52,2)","v":21.45}]
[null,null,"01.02.03","Custo Direto Total",null,null,null,{"$f":"SUBTOTAL(9,H52)","v":21.45}]
[]
["01.02.04",null,"CPU0009","ESCAVACAO E CARGA MATERIAL DE JAZIDA 1A CATEGORIA","M3    "]
[null,"Sinapi Serv",5851,"TRATOR DE ESTEIRAS. POTÊNCIA 150 HP. PESO OPERACIONAL 16.7 T. COM RODA MOTRIZ ELEVADA E LÂMINA 3.18 M3 - CHP DIURNO. AF_06/2014                                                                         ","CHP   ",9.3457999999999996E-3,"147,82",{"$f":"ROUND(F56*G56,2)","v":1.38}]
[null,"Sinapi Serv",5944,"PÁ CARREGADEIRA SOBRE RODAS. POTÊNCIA 197 HP. CAPACIDADE DA CAÇAMBA 2.5 A 3.5 M3. PESO OPERACIONAL 18338 KG - CHP DIURNO. AF_06/2014                                                                    ","CHP   ",5.4206000000000002E-3,"125,15",0.68]
[null,"Sinapi Serv",5946,"PÁ CARREGADEIRA SOBRE RODAS. POTÊNCIA 197 HP. CAPACIDADE DA CAÇAMBA 2.5 A 3.5 M3. PESO OPERACIONAL 18338 KG - CHI DIURNO. AF_06/2014                                                                    ","CHI   ",3.9252000000000002E-3,"49,00",0.19]
[null,"Sinapi Serv",88316,"SERVENTE COM ENCARGOS COMPLEMENTARES                                                                                                                                                                    ","H     ",1.8691599999999999E-2,"14,30",0.27]
[null,null,"01.02.04","Custo Direto Total",null,null,null,{"$f":"SUBTOTAL(9,H56:H59)","v":2.52}]
[]
["01.02.05",null,"CPU0010","TRANSPORTE LOCAL MATERIAL DE JAZIDA DMT= 10KM - ROD. NÃO PAVIMENTADA","M3XKM "]
[null,"Sinapi Serv",67826,"CAMINHÃO BASCULANTE 6 M3 TOCO. PESO BRUTO TOTAL 16.000 KG. CARGA ÚTIL MÁXIMA 11.130 KG. DISTÂNCIA ENTRE EIXOS 5.36 M. POTÊNCIA 185 CV. INCLUSIVE CAÇAMBA METÁLICA - CHP DIURNO. AF_06/2014              ","CHP   ",1.111E-2,"100,64",{"$f":"ROUND(F63*G63,2)","v":1.1200000000000001}]
[null,"Sinapi Serv",67827,"CAMINHÃO BASCULANTE 6 M3 TOCO. PESO BRUTO TOTAL 16.000 KG. CARGA ÚTIL MÁXIMA 11.130 KG. DISTÂNCIA ENTRE EIXOS 5.36 M. POTÊNCIA 185 CV. INCLUSIVE CAÇAMBA METÁLICA - CHI DIURNO. AF_06/2014              ","CHI   ",2.7799999999999999E-3,"30,93",0.09]
[null,null,"01.02.05","Custo Direto Total",null,null,null,{"$f":"SUBTOTAL(9,H63:H64)","v":1.2100000000000002}]
[]
["01.02.06",null,"CPU0011","ESPALHAMENTO DO MATERIAL ESCAVADO NÃO UTILIZADO PARA  ATERRO","M3    "]
[null,"Sinapi Serv",88316,"SERVENTE COM ENCARGOS COMPLEMENTARES                                                                                                                                                                    ","H     ",3.3333000000000002E-2,"14,30",{"$f":"ROUND(F68*G68,2)","v":0.48}]
[null,null,"01.02.06","Custo Direto Total",null,null,null,{"$f":"SUBTOTAL(9,H68)","v":0.48}]
[]
["01.03.01",null,"CPU0012","ASSENTAMENTO DE TUBOS E CONEXÕES","M     "]
[null,"Sinapi Serv",88267,"ENCANADOR OU BOMBEIRO HIDRÁULICO COM ENCARGOS COMPLEMENTARES","H     ",0.1074,"21,66",{"$f":"ROUND(F72*G72,2)","v":2.33}]
[null,"Sinapi Serv",88316,"SERVENTE COM ENCARGOS COMPLEMENTARES                                                                                                                                                                    ","H     ",0.1074,"14,30",1.54]
[null,null,"01.03.01","Custo Direto Total",null,null,null,{"$f":"SUBTOTAL(9,H72:H73)","v":3.87}]
[]
["01.03.02",null,"CPU0013","CALHA EM CHAPA DE AÇO GALVANIZADO NÚMERO 26. DESENVOLVIMENTO DE 30 CM. INCLUSO TRANSPORTE VERTICAL. (SINAPI 94227 ADAPTADA)","M     "]
[null,"Sinapi Ins",1109,"CALHA QUADRADA DE CHAPA DE ACO GALVANIZADA NUM 26, CORTE 30 CM (SINAPI INS 1109 ADAPTADO)                                                                                                                   ","M     ",1.05,16.581818181818178,{"$f":"ROUND(F77*G77,2)","v":17.41}]
[null,"Sinapi Ins",142,"SELANTE ELASTICO MONOCOMPONENTE A BASE DE POLIURETANO (PU) PARA JUNTAS DIVERSAS                                                                                                                         ","310ML ",7.0000000000000001E-3,27.91,{"$f":"ROUND(F78*G78,2)","v":0.2}]
[null,"Sinapi Ins",5104,"REBITE DE ALUMINIO VAZADO DE REPUXO. 3.2 X 8 MM (1KG = 1025 UNIDADES)                                                                                                                                   ","KG    ",3.0000000000000001E-3,49.45,0.15]
[null,"Sinapi Serv",88316,"SERVENTE COM ENCARGOS COMPLEMENTARES                                                                                                                                                                    ","H     ",0.28199999999999997,"14,30",{"$f":"ROUND(F80*G80,2)","v":4.03}]
[null,"Sinapi Serv",88323,"TELHADISTA COM ENCARGOS COMPLEMENTARES                                                                                                                                                                  ","H     ",0.188,"22,19",4.17]
[null,null,"01.03.02","Custo Direto Total",null,null,null,{"$f":"SUBTOTAL(9,H77:H81)","v":25.96}]
[]
["01.03.03",null,"CPU0014","INSTALAÇÃO DA BOMBA MANUAL","UN    "]
[null,"Sinapi Ins",4332,"PARAFUSO ZINCADO, SEXTAVADO, COM ROSCA INTEIRA, DIAMETRO 3/8\", COMPRIMENTO 2\"                                                                                                                           ","un    ",4,0.66,{"$f":"ROUND(F85*G85,2)","v":2.64}]
[null,"Sinapi Ins",4337,"PORCA ZINCADA, QUADRADA, DIAMETRO 5/8\"                                                                                                                                                                  ","un    ",4,1.54,6.16]
[null,"Sinapi Serv",88316,"SERVENTE COM ENCARGOS COMPLEMENTARES                                                                                                                                                                    ","H     ",0.7,"14,30",{"$f":"ROUND(F87*G87,2)","v":10.01}]
[null,null,"01.03.03","Custo Direto Total",null,null,null,{"$f":"SUBTOTAL(9,H85:H87)","v":18.810000000000002}]
[]
["01.03.04",null,"CPU0015","BLOCO DE ANCORAGEM 25 X 30 X 25CM","UN    "]
[null,"Composição","CPU0019","ARMAÇÃO UTILIZANDO AÇO CA-60 DE 5.0 MM - MONTAGEM.                                                                                                                                                      ","KG    ",0.96896800000000005,7.85,{"$f":"ROUND(F91*G91,2)","v":7.61}]
[null,"Sinapi Serv",88309,"PEDREIRO COM ENCARGOS COMPLEMENTARES                                                                                                                                                                    ","H     ",0.1,"18,31",1.83]
[null,"Sinapi Serv",88316,"SERVENTE COM ENCARGOS COMPLEMENTARES                                                                                                                                                                    ","H     ",0.15,"14,30",2.15]
[null,"Sinapi Serv",94975,"CONCRETO FCK = 15MPA. TRAÇO 1:3.4:3.5 (CIMENTO/ AREIA MÉDIA/ BRITA 1)  - PREPARO MANUAL. AF_07/2016                                                                                                     ","M3    ",1.8464999999999999E-2,"394,30",7.28]
[null,"Sinapi Serv",97086,"FABRICAÇÃO. MONTAGEM E DESMONTAGEM DE FORMA PARA RADIER. EM MADEIRA SERRADA. 4 UTILIZAÇÕES. AF_09/2017                                                                                                  ","M2    ",7.3332999999999995E-2,"81,61",5.98]
[null,null,"01.03.04","Custo Direto Total",null,null,null,{"$f":"SUBTOTAL(9,H91:H95)","v":24.85}]
[]
[null,null,"CPU0019","ARMAÇÃO UTILIZANDO AÇO CA-60 DE 5.0 MM - MONTAGEM.","KG    "," 31/01/2020"]
[null,"Sinapi Ins",39017,"ESPACADOR / DISTANCIADOR CIRCULAR COM ENTRADA LATERAL. EM PLASTICO. PARA VERGALHAO *4.2 A 12.5* MM. COBRIMENTO 20 MM                                                                                    ","UN    ",0.97,0.13,{"$f":"ROUND(F99*G99,2)","v":0.13}]
[null,"Sinapi Ins",43059,"ACO CA-60. 4.2 MM. OU 5.0 MM. OU 6.0 MM. OU 7.0 MM. VERGALHAO                                                                                                                                           ","KG    ",1,5.5,5.5]
[null,"Sinapi Ins",43132,"ARAME RECOZIDO 16 BWG. D = 1.60 MM (0.016 KG/M) OU 18 BWG. D = 1.25 MM (0.01 KG/M)                                                                                                                      ","KG    ",2.5000000000000001E-2,10.75,0.27]
[null,"Sinapi Serv",88238,"AJUDANTE DE ARMADOR COM ENCARGOS COMPLEMENTARES                                                                                                                                                         ","H     ",1.55E-2,"13,88",0.22]
[null,"Sinapi Serv",88245,"ARMADOR COM ENCARGOS COMPLEMENTARES                                                                                                                                                                     ","H     ",9.4700000000000006E-2,"18,22",1.73]
[null,null,null,"Custo Direto Total",null,null,null,{"$f":"SUBTOTAL(9,H99:H103)","v":7.85}]
[]
["01.04.01",null,"CPU0016","TRANSP COMERC DO LOCAL DE ARMAZENAMENTO AO MUNICÍPIO DE INSTALAÇÃO EM RODOVIA PAVIMENTADA","UNXKM "]
[null,"Sinapi Serv",88316,"SERVENTE COM ENCARGOS COMPLEMENTARES                                                                                                                                                                    ","H     ",8.0321285140562242E-3,"14,30",{"$f":"ROUND(F107*G107,2)","v":0.11}]
[null,"Sinapi Serv",91031,"CAMINHÃO TRUCADO (C/ TERCEIRO EIXO) ELETRÔNICO - POTÊNCIA 231CV - PBT = 22000KG - DIST. ENTRE EIXOS 5170 MM - INCLUI CARROCERIA FIXA ABERTA DE MADEIRA - CHP DIURNO. AF_06/2015                         ","CHP   ",8.0321285140562242E-3,"133,74",1.07]
[null,null,"01.04.01","Custo Direto Total",null,null,null,{"$f":"SUBTOTAL(9,H107:H108)","v":1.1800000000000002}]
[]
["01.04.02",null,"CPU0017","TRANSP COMERC COM CAMINHAO CARROCERIA 9 T, RODOVIA PAVIMENTADA, NO MUNICÍPIO DE INSTALAÇÃO","UNXKM "]
[null,"Sinapi Serv",73467,"CAMINHÃO TOCO. PBT 14.300 KG. CARGA ÚTIL MÁX. 9.710 KG. DIST. ENTRE EIXOS 3.56 M. POTÊNCIA 185 CV. INCLUSIVE CARROCERIA FIXA ABERTA DE MADEIRA P/ TRANSPORTE GERAL DE CARGA SECA. DIMEN. APROX. 2.50 X 6","CHP   ",2.0080321285140562E-2,"93,00",{"$f":"ROUND(F112*G112,2)","v":1.87}]
[null,"Sinapi Serv",88316,"SERVENTE COM ENCARGOS COMPLEMENTARES                                                                                                                                                                    ","H     ",4.0160642570281124E-2,"14,30",0.56999999999999995]
[null,null,"01.04.02","Custo Direto Total",null,null,null,{"$f":"SUBTOTAL(9,H112:H113)","v":2.44}]
[]
["01.04.03",null,"CPU0018","TRANSP COMERC COM CAMINHAO CARROCERIA 9 T, RODOVIA EM LEITO NATURAL, NO MUNICÍPIO DE INSTALAÇÃO","UNXKM "]
[null,"Sinapi Serv",73467,"CAMINHÃO TOCO. PBT 14.300 KG. CARGA ÚTIL MÁX. 9.710 KG. DIST. ENTRE EIXOS 3.56 M. POTÊNCIA 185 CV. INCLUSIVE CARROCERIA FIXA ABERTA DE MADEIRA P/ TRANSPORTE GERAL DE CARGA SECA. DIMEN. APROX. 2.50 X 6","CHP   ",3.0120481927710847E-2,"93,00",{"$f":"ROUND(F117*G117,2)","v":2.8}]
[null,"Sinapi Serv",88316,"SERVENTE COM ENCARGOS COMPLEMENTARES                                                                                                                                                                    ","H     ",6.0240963855421693E-2,"14,30",0.86]
[null,null,"01.04.03","Custo Direto Total",null,null,null,{"$f":"SUBTOTAL(9,H117:H118)","v":3.6599999999999997}]

{"sheet":"Cronograma Físico-Financeiro","index":4,"n_rows":18,"n_cols":11,"rows_kept":18,"cut":false,"hidden":false,"merged":[[7,0,7,10]]}
[null,null,"MINISTÉRIO DO DESENVOLVIMENTO REGIONAL - MDR"]
[null,null,"COMPANHIA DE DESENVOLVIMENTO DOS VALES DO SÃO FRANCISCO E DO PARNAÍBA"]
[null,null,"ÁREA DE REVITALIZAÇÃO DAS BACIAS HIDROGRÁFICAS"]
[]
[]
["OBJETO:","TRANSPORTE E INSTALAÇÃO DE CISTERNAS PARA CAPTAÇÃO DA ÁGUA DA CHUVA - ALAGOAS"]
[]
["CRONOGRAMA FÍSICO-FINANCEIRO"]
[]
["ITEM","ESPECIFICAÇÃO DOS SERVIÇOS","VALOR TOTAL (R$)","Mês 01","Mês 02","Mês 03","Mês 04","Mês 05","Mês 06","Mês 07","Total"]
["01.01",{"$f":"'CISTERNAS ALAGOAS'!B14","v":"SERVIÇOS PRELIMINAES E CANTEIRO DE OBRAS                                                                                                                                                                "},{"$f":"'CISTERNAS ALAGOAS'!I14","v":542294.1399999999},{"$f":"('CISTERNAS ALAGOAS'!I15+'CISTERNAS ALAGOAS'!I16+'CISTERNAS ALAGOAS'!I17+'CISTERNAS ALAGOAS'!I18)/7+'CISTERNAS ALAGOAS'!I19","v":104027.29428571428},{"$f":"('CISTERNAS ALAGOAS'!I15+'CISTERNAS ALAGOAS'!I16+'CISTERNAS ALAGOAS'!I17+'CISTERNAS ALAGOAS'!I18)/7","v":73044.474285714285},{"$f":"E11","v":73044.474285714285},{"$f":"F11","v":73044.474285714285},73044.474285714285,73044.474285714285,{"$f":"C11-SUM(D11:I11)","v":73044.47428571427},{"$f":"SUM(D11:J11)","v":542294.1399999999}]
["01.02",{"$f":"'CISTERNAS ALAGOAS'!B21","v":"INSTALAÇÃO DAS CISTERNAS                                                                                                                                                                    "},{"$f":"'CISTERNAS ALAGOAS'!I21","v":883741.17999999993},{"$f":"C12/6/2","v":73645.098333333328},{"$f":"C12/6","v":147290.19666666666},{"$f":"E12","v":147290.19666666666},{"$f":"F12","v":147290.19666666666},147290.19666666666,147290.19666666666,{"$f":"C12-SUM(D12:I12)","v":73645.09833333327},{"$f":"SUM(D12:J12)","v":883741.17999999993}]
["01.03",{"$f":"'CISTERNAS ALAGOAS'!B29","v":"SERVIÇOS COMPLEMENTARES                                                                                                                                                                                 "},{"$f":"'CISTERNAS ALAGOAS'!I29","v":1013175.6799999999},{"$f":"C13/6/2","v":84431.306666666656},{"$f":"C13/6","v":168862.61333333331},{"$f":"E13","v":168862.61333333331},{"$f":"F13","v":168862.61333333331},{"$f":"G13","v":168862.61333333331},{"$f":"H13","v":168862.61333333331},{"$f":"C13-SUM(D13:I13)","v":84431.306666666758},1013175.6799999999]
["01.04",{"$f":"'CISTERNAS ALAGOAS'!B35","v":"TRANSPORTE DAS CISTERNAS                                                                                                                                                                                "},{"$f":"'CISTERNAS ALAGOAS'!I35","v":61718.06},5143.1716666666662,10286.343333333332,10286.343333333332,10286.343333333332,10286.343333333332,10286.343333333332,5143.1716666666762,61718.06]
["02.01",{"$f":"'CISTERNAS ALAGOAS'!B42","v":"MATERIAIS PARA INSTALAÇÃO DAS CISTERNAS"},{"$f":"'CISTERNAS ALAGOAS'!I42","v":11639727.220000001},969977.26833333343,1939954.5366666669,1939954.5366666669,1939954.5366666669,1939954.5366666669,1939954.5366666669,969977.26833333261,11639727.220000001]
["02.02",{"$f":"'CISTERNAS ALAGOAS'!B45","v":"MATERIAIS PARA INSTALAÇÃO DAS CISTERNAS (SERVIÇOS COMPLEMENTARES)"},{"$f":"'CISTERNAS ALAGOAS'!I45","v":851093.97},70924.497499999998,141848.995,141848.995,141848.995,141848.995,141848.995,70924.497499999939,851093.97]
[null,"VALOR TOTAL DA PLANILHA",{"$f":"SUM(C11:C16)","v":14991750.250000002},{"$f":"SUM(D11:D16)","v":1308148.6367857144},{"$f":"SUM(E11:E16)","v":2481287.1592857144},2481287.1592857144,2481287.1592857144,2481287.1592857144,2481287.1592857144,1277165.8167857137,{"$f":"SUM(D17:J17)","v":14991750.250000002}]
[null,"PERCENTUAL EXECUTADO",{"$f":"C17/C17","v":1},{"$f":"D17/$C$17","v":8.72578995094795E-2},{"$f":"E17/$C$17","v":0.16551017178836167},0.16551017178836167,0.16551017178836167,0.16551017178836167,0.16551017178836167,8.5191241548711993E-2,{"$f":"SUM(D18:J18)","v":1}]